| 000 | 00484nam a22001697a 4500 | ||
|---|---|---|---|
| 003 | BD-ChCU | ||
| 005 | 20260618094303.0 | ||
| 008 | 260618b bg ||||| |||| 00| 0 ben d | ||
| 040 | _cBD-ChCU | ||
| 082 | _a331.11 UNI | ||
| 100 |
_aUNITED Nations . _923842 |
||
| 245 |
_aInvestment in human resources and manpower Planning ./ _cUNITED Nations . |
||
| 260 |
_aNew York : _bUnited Nations , _cC 1971 |
||
| 300 | _av , 165p. | ||
| 650 | 0 |
_aLabour supply . _923844 |
|
| 942 |
_2ddc _cBK _n0 |
||
| 999 |
_c113403 _d113403 |
||